000 04218cam a2200349 4500
001 18220
005 20230410120801.0
008 060907s2002 nyu eng
035 _9funglode18366
010 _a 2002021972
035 _a(OCoLC)ocm49375602
020 _a0312304021
020 _a9780312304027
035 _a(OCoLC)49375602
042 _apcc
043 _an-us---
050 1 4 _aHV 8144
_bK42b 2002
082 0 0 _a363.25/0973
100 1 _aKessler, Ronald,
_d1943-
245 1 4 _aThe bureau :
_bthe secret history of the FBI /
_cRonald Kessler.
260 _aNew York :
_bSt. Martin's Press,
_c2002.
300 _aviii, 488 p., [16] p. of plates :
_bill. ;
_c25 cm.
504 _aIncludes bibliographical references and index.
505 0 _aSpeed -- G-Men -- Lepke -- Subversives -- Submarine -- Venona -- Red Menace -- Red Dress -- Inga -- Tapes --"Whoremonger" -- Shredded Files -- Watergate -- Illegal Break-ins -- Judge -- Swinging Spies -- Megahut --Freeze! -- More Roast Beef -- Profiling -- Quantico -- Codirector -- Sabreliner -- Koresh -- Brick Agent -- Peltier --Randy Weaver -- Roll-Ups -- Jewell -- Los Alamos -- Framed -- Birmingham --Avenger -- Missing Documents -- September -- Marine -- Acknowledgments -- Notes -- Bibliography -- Index.
520 _aA former Washington Post and Wall Street Journal investigative reporter, and the New York Times bestselling author of Inside the White House, Ronald Kessler presents the definitive history of the Federal Bureau of Investigation. Based on exclusive interviews, including the first with Robert Mueller since his nomination as director, The Bureau reveals startling new information about the bureau-from J. Edgar Hoover's blackmailing of Congress to the investigation of the September 11 attacks. With the FBI at the epicenter of the war on terrorism, no institution is as critically important to America's security. No American institution is as controversial. And, after the White House, Congress, and the Supreme Court, no institution is as powerful. Yet until now, no book has presented the full story of the FBI from its beginnings in 1908 to the present. Kessler focuses on the agents who have made its cases and the directors who have run the bureau, from Hoover through Louis Freeh and Robert Mueller. In doing so, he probes the relationship between the FBI and American presidents, and the tension that exists between a free society and what amounts to a national police force. Based on exclusive interviews-including the first interview with Mueller since his nomination The Bureau reveals for the first time the dramatic inside story of the FBI's response to the attacks of September 11, including its investigation of the anthrax mailings. The book answers questions about the bureau's role and performance: Why did the FBI know nothing useful about al-Qaeda before the attacks? What is really behind the FBI's more aggressive investigative approaches that have raised civil liberties concerns? What does the FBI think of improvements in airline security? How safe does the FBI think America really is? Only Ronald Kessler could have obtained the access necessary to answer these questions. An award-winning investigative reporter, Kessler is the author of The FBI: Inside the World's Most Powerful Law Enforcement Agency, which led to the dismissal of William S. Sessions as director. 132From DNA analysis to criminal profiling, from confirmation of Supreme Court justices to investigations of plane crashes and spies, the FBI is involved in almost every aspect of American life. Painted against the canvas of America's development in the past hundred years, The Bureau tells the richly detailed story of a uniquely powerful institution, its profound impact on American society, and how it has changed since September 11.
610 1 0 _aUnited States.
_bFederal Bureau of Investigation.
610 1 6 _aâEtats-Unis.
_bFederal Bureau of Investigation.
856 4 2 _3Contributor biographical information
_uhttp://catdir.loc.gov/catdir/bios/hol051/2002021972.html
856 4 2 _3Publisher description
_uhttp://catdir.loc.gov/catdir/description/hol031/2002021972.html
942 _2lcc
_cbk
994 _aC0
_bDRFGD
999 _c51794
_d51794